Responses for Show #2217 - Tuesday, April 5, 1994

Contestants

[<< previous game]

Carol Phelan, a marketing researcher from Cincinnati, Ohio

Jim Reilly, an attorney originally from Cleveland, Ohio

Ali Vaezy, a medical student from Lexington, Kentucky (whose 1-day cash winnings total $15,000)

[next game >>]

Jeopardy! Round responses

BOSTON
GAME SHOWS
ARCHITECTURE
THE 20th CENTURY
FASHION
ELEPHANT ODDS & ENDS
    $100 1
Arthur Fiedler

Carol
    $100 16
Monty Hall

Ali
    $100 13
Australia

Carol
    $100 7
Fidel Castro

Jim
    $100 26
a tuxedo

Jim
    $100 2
the Republican Party

Jim
    $200 3
the Constitution

Ali
    $200 18
You Bet Your Life

Ali
    $200 14
adobe

Carol
    $200 8
the Ganges

Ali
    $200 27
galoshes

Carol
    $200 10
(Ali: What is its tusks?)

its trunk

AliJim
    $300 4
the Common

Ali
    $300 21
Hollywood Squares

Jim
    $300 17
Greek

Carol
    $300 9
Juan Perón

Carol
    $300 28
a tank top

Jim
    $300 15
rogue elephants

Jim
    $400 5
the Boston Massacre

Carol
    $400 22
Quincy Jones

Ali
    $400 19
the Taj Mahal

Ali
    $400 11
(Ali: What is France?)
(Carol: What is Belgium?)

Portugal

AliCarol
Triple Stumper
    $400 29
capri pants

Jim
    $400 24
Horton

Carol
    $500 6
the Bunker Hill Monument

Ali
    $500 23
The Price Is Right

Ali
    $500 20
an arch

Jim
    $500 12
Dunkirk

Ali
    $500 30
a mantilla

Carol
    $500 25
Louis L'Amour

Triple Stumper

Scores at the first commercial break (after clue 15):

Ali Jim Carol
$1,100 $700 $700

Scores at the end of the Jeopardy! Round:

Ali Jim Carol
$2,700 $2,300 $2,100

Double Jeopardy! Round responses

HISTORY
TRAVEL & TOURISM
COMPOSERS
BLACK AMERICA
BORN
BREAD
    $200 1
the Lusitania

Ali
    $200 6
Sarasota

Jim
    $200 8
Sousa

Ali
    $200 13
Edison

Carol
    $200 14
San Francisco

Jim
    $200 26
croutons

Carol
    $400 2
Nicholas (II)

Jim
    $400 7
Westminster (Abbey)

Ali
    $400 9
Scott Joplin

Ali
    $400 16
The Masters

Carol
    $400 15
Corsica

Ali
    $400 27
rye

Jim
    $600 3
King Hussein

Jim
    $600 21
(Ali: What is New Delhi?)

Bombay

Ali
Triple Stumper
    $600 10
Stravinsky

Ali
    $600 17
Thurgood Marshall

Jim
    $600 18
Honolulu

Ali
    $600 28
a tortilla

Carol
    $1,000 4
(Jim: What is Libya?)

Egypt

Jim
    $800 22
the Virgin Islands

Carol
    $800 11
Jerome Kern

Carol
    $2,000 19
Haiti

Ali
    $800 24
(Carol: What is the Cherokee Territory?)

the Indian territory

Carol
Triple Stumper
    $800 29
sourdough

Carol
    $1000 5
Claudius

Carol
    $1000 23
(Ali: Who is Bolivar?)
(Carol: Who is San Martin?)

Bernardo O'Higgins

AliCarol
Triple Stumper
    $1000 12
(Sir Edward) Elgar

Ali
    $1000 20
(Richard) Wright

Jim
    $1000 25
E.L. Doctorow

Ali
    $1000 30
(Ali: What is a crêpe?)

a baguettes

AliCarol

Scores at the end of the Double Jeopardy! Round:

Ali Jim Carol
$6,900 $4,700 $6,100

[wagering suggestions for these scores]

Final Jeopardy! Round responses

DRAMA
JimWhat is ?
$2,700
CarolWhat is M. Butterfly?
$4,000
AliWhat is M. Butterfly?
$5,400
M. Butterfly

Final scores:

Ali Jim Carol
$12,300 $2,000 $10,100
2-day champion: $27,300 3rd place: Tefal kitchen appliance set 2nd place: Dynamark home security & fire protection system + Black Hills Gold jewelry gift certificate

Game dynamics:

Coryat scores:

Ali Jim Carol
$5,700 $5,700 $6,100
20 R
(including 2 DDs),
5 W
16 R,
1 W
(including 1 DD)
18 R,
3 W

Combined Coryat: $17,500

[game clues] [game scores] [suggest correction]

Game tape date: 1994-01-10
The J! Archive is created by fans, for fans. Scraping, republication, monetization, and malicious use prohibited; this site may use cookies and collect identifying information. See terms. The Jeopardy! game show and all elements thereof, including but not limited to copyright and trademark thereto, are the property of Jeopardy Productions, Inc. and are protected under law. This website is not affiliated with, sponsored by, or operated by Jeopardy Productions, Inc. Join the discussion at JBoard.tv.